Rappers by Picture | 2 | - Statistics

General Stats
  • This quiz has been taken 915 times
  • The average score is 11 of 16
Answer Stats
Picture Answer % Correct
Travis Scott
97%
6ix9ine
91%
NLE Choppa
89%
Pop Smoke
87%
Future
85%
Lil Baby
82%
Lil Pump
80%
Blueface
77%
Polo G
67%
Gunna
64%
Young Thug
64%
GloRilla
61%
Lil Tjay
61%
Fetty Wap
55%
Bobby Shmurda
35%
Fivio Foreign
20%
No matching quizzes found
Score Distribution
Percent of People with Each Score
Percentile by Number Answered
Your Score History
You have not taken this quiz